Pays et dépendance d’Océanie - Statistiques

Statistiques générales
  • Ce quiz a été pris 332 fois
  • Le résultat moyen est 16 sur 30
Statistiques - réponses
30 pays % Correct
australie
99%
9 Nouvelle zélande
96%
3 Fidji
87%
16 Vanuatu
82%
6 Micronésie
81%
11 Papouasie nouvelle guinée
81%
13 Samoa
81%
5 Marshall
79%
4 Kiribati
78%
12 Salomon
78%
14 Tonga
78%
15 Tuvalu
78%
10 Palaos
71%
7 Nauru
70%
19 Nouvelle calédonie
52%
20 Polynésie française
50%
2 Cook
40%
23 Wallis et futuna
38%
8 Niue
36%
21 Samoa américaine
36%
16 Guam
32%
24 Hawai
30%
29 Pitcairn
27%
22 Tokelau
23%
17 Mariannes du nord
21%
18 Norfolk
17%
27 Midway
7%
28 Pacques
3%
26 Attol Johnson
2%
25 Papouasie occidentale
1%
Aucun quiz correspondant
Distribution des résultats
% des personnes avec chaque résultat
Percentile par nombre de réponses
Votre historique - résultats
Vous n’avez pas pris ce quiz